| Tag |
First Indicator |
Second Indicator |
Subfields |
| LEADER |
00000cam a2200000 a 4500 |
| 001 |
in00000014819 |
| 005 |
20151007052909.0 |
| 008 |
850905s1986 miu b 00110 eng |
| 010 |
|
|
|a 85062745
|
| 020 |
|
|
|a 0801038065 (pbk.)
|c $9.95
|
| 035 |
|
|
|a (OCoLC)13646536
|
| 035 |
|
|
|9 AAA9617AM
|
| 040 |
|
|
|a DLC
|c DLC
|d m/c
|d UtOrBLW
|
| 049 |
|
|
|a TXAM
|c [A11057570]
|
| 050 |
0 |
0 |
|a BS2615.3
|b .G78 1986
|
| 082 |
0 |
|
|a 226/.506
|2 19
|
| 100 |
1 |
|
|a Gruenler, Royce Gordon.
|
| 245 |
1 |
4 |
|a The Trinity in the Gospel of John :
|b a thematic commentary on the Fourth Gospel /
|c Royce Gordon Gruenler.
|
| 264 |
|
1 |
|a Grand Rapids, Mich. :
|b Baker Book House,
|c [1986]
|
| 264 |
|
4 |
|c ©1986
|
| 300 |
|
|
|a xxi, 159 pages ;
|c 22 cm.
|
| 336 |
|
|
|a text
|b txt
|2 rdacontent
|
| 337 |
|
|
|a unmediated
|b n
|2 rdamedia
|
| 338 |
|
|
|a volume
|b nc
|2 rdacarrier
|
| 504 |
|
|
|a Includes bibliographical references and indexes.
|
| 630 |
0 |
0 |
|a Bible.
|p John
|x Commentaries.
|
| 650 |
|
0 |
|a Trinity
|x Biblical teaching.
|
| 999 |
|
|
|a MARS
|
| 999 |
f |
f |
|s 5af523c8-ba16-39cc-9139-a0b0f894dca4
|i 6d1f4740-27f3-3e11-bdcf-4491dc798de1
|t 0
|
| 952 |
f |
f |
|p ric
|a Texas A&M University
|b Rellis Campus
|c Joint Library Facility
|d Remote Storage
|t 0
|e BS2615.3 .G78 1986
|h Library of Congress classification
|i unmediated -- volume
|m A14811057570
|
| 998 |
f |
f |
|a BS2615.3 .G78 1986
|t 0
|l Remote Storage
|